Ashworth Frazer Ltd v Gloucester CC (Record no. 69016)

MARC details
000 -LEADER
fixed length control field 01619cam a2200277 4500
001 - CONTROL NUMBER
control field ABS64811
008 - FIXED-LENGTH DATA ELEMENTS--GENERAL INFORMATION
fixed length control field 011204n2001 000 0 eng u
035 ## - SYSTEM CONTROL NUMBER
System control number (Sirsi) u115850
245 ## - TITLE STATEMENT
Title Ashworth Frazer Ltd v Gloucester CC
260 ## - PUBLICATION, DISTRIBUTION, ETC.
Date of publication, distribution, etc. 2001
490 ## - SERIES STATEMENT
Series statement Weekly Law Reports
Volume/sequential designation [2001] 1 WLR 2180-2204(24)
520 ## - SUMMARY, ETC.
Summary, etc. HL 8 November 2001. Appeal by local authority (G) and cross-appeal by tenant (A) against CA decision (See Abs62094) were allowed. In allowing the cross appeal, HL held that the proposed use intended by the assignee would not have been in breach of any covenant contained in the lease. G's appeal was allowed on the grounds that the CA wrongly applied "Killick v Second Covent Garden Property Co Ltd" 1973 with regard to whether a landlord's withholding of consent was reasonable or not. HL ruled that the HC should determine whether G had acted unreasonably in refusing consent to assign. Full copy of judgement available on http://www.parliament.the-stationery-office.co.uk/pa/ld200102/ldjudgmt/jd011108/ashwth-1.htm.
590 ## - LOCAL NOTE (RLIN)
Local note ABS
650 ## - SUBJECT ADDED ENTRY--TOPICAL TERM
Topical term or geographic name entry element ASHWORTH FRAZER LTD V GLOUCESTER CC
650 ## - SUBJECT ADDED ENTRY--TOPICAL TERM
Topical term or geographic name entry element TOWN AND COUNTRY PLANNING (USE CLASSES) ORDER 1963
650 ## - SUBJECT ADDED ENTRY--TOPICAL TERM
Topical term or geographic name entry element COVENANTS
650 ## - SUBJECT ADDED ENTRY--TOPICAL TERM
Topical term or geographic name entry element ASSIGNMENT OF LEASES
650 ## - SUBJECT ADDED ENTRY--TOPICAL TERM
Topical term or geographic name entry element WITHHOLDING CONSENT
650 ## - SUBJECT ADDED ENTRY--TOPICAL TERM
Topical term or geographic name entry element CONSENT TO ASSIGN
650 ## - SUBJECT ADDED ENTRY--TOPICAL TERM
Topical term or geographic name entry element REFUSAL
650 ## - SUBJECT ADDED ENTRY--TOPICAL TERM
Topical term or geographic name entry element COMMERCIAL LEASES
650 ## - SUBJECT ADDED ENTRY--TOPICAL TERM
Topical term or geographic name entry element KILLICK V SECOND COVENT GARDEN PROPERTY CO LTD
690 ## - LOCAL SUBJECT ADDED ENTRY--TOPICAL TERM (OCLC, RLIN)
Topical term or geographic name as entry element LANDLORD AND TENANT-BUSINESS TENANCIES-CASE LAW
856 ## - ELECTRONIC LOCATION AND ACCESS
Uniform Resource Identifier <a href="https://www.parliament.the-stationery-office.co.uk/pa/ld200102/ldjudgmt/jd011108/ashwth-1.htm">https://www.parliament.the-stationery-office.co.uk/pa/ld200102/ldjudgmt/jd011108/ashwth-1.htm</a>
942 ## - ADDED ENTRY ELEMENTS (KOHA)
Suppress in OPAC 0
Holdings
Withdrawn status Lost status Source of classification or shelving scheme Damaged status Not for loan Home library Current library Shelving location Date acquired Total Checkouts Full call number Barcode Date last seen Copy number Price effective from Koha item type
    Dewey Decimal Classification     London London Journal article 04/12/2001   ABS64811 115850-1001 06/08/2019 1 06/08/2019 Law report